000 00477nam a2200193Ia 4500
003 OSt
005 20250818124746.0
008 250729s2005 xx 000 0 und d
020 _a978-8131300268
040 _cAL
041 _aeng
082 _a371.716 MISH
100 _aSingh Deerandra
_9221420
245 _aEducation and Personlity development
260 _aNew Delhi
_bA P H Publishing
_c2005
300 _a325p
650 _aEducation
_9221421
942 _2ddc
_cBED
999 _c235002
_d235002